000 00321nam a22001337a 4500
020 _a978-0-143-33212-1
082 _a823
_bBON/H
100 _aBOND, RUSKIN
245 _aHIP-HOP NATURE BOY AND OTHER POEMS
260 _aGURGAON
_bPUFFIN BOOKS
_c2012
300 _a112
650 _aCHILDRENS STORY BOOK
_zINDIA
942 _cBK
999 _c2784
_d2784